000 00819nam a2200217 i 4500
001 142104
003 ES-MaACL
005 20230906200439.0
007 t|
008 071002s1947 sp ||||1| eng d
100 1 _aWilliamson, H.
_9116969
245 1 4 _aThe Handbook of Spain... and Guide to Spain, her Islands, Colonies and Overseas Possessions /
_ccompiled and edited by: H. Williamson, in collaboration with official centres...
260 _aMadrid :
_bThe Times of Spain,
_c[1947]
300 _a1048 p., 1 h. map. pleg :
_bil. ;
_c18 cm.
490 1 _aIberian handbooks ;
_v1
500 _aCon grab. y cuadr. intercal., y reclam. en cartul. col.
651 4 _aEspaƱa-
_xDescripción.
_98184
830 0 _aIberian handbooks ;
_v1
_9220477
852 _aES-MaACL
_jE-3774
_bR.26788
999 _c142104
_d142104